000 00233nmm a2200085Ia 4500
008 220120s9999||||xx |||||||||||||||||und||
100 _aIT
_910698
245 0 _aWeb Development : Advanced effect maker 1.5, Apache 1.3.33,
260 _c2005
999 _c138491
_d138491